<?xml version="1.0" encoding="UTF-8"?>
<record
    xmlns:xsi="http://www.w3.org/2001/XMLSchema-instance"
    xsi:schemaLocation="http://www.loc.gov/MARC21/slim http://www.loc.gov/standards/marcxml/schema/MARC21slim.xsd"
    xmlns="http://www.loc.gov/MARC21/slim">

  <leader>00698nam a22002057a 4500</leader>
  <controlfield tag="005">20231128121950.0</controlfield>
  <datafield tag="010" ind1=" " ind2=" ">
    <subfield code="a">ENG-138468</subfield>
  </datafield>
  <datafield tag="020" ind1=" " ind2=" ">
    <subfield code="c">1099.00</subfield>
    <subfield code="a">9789351528098</subfield>
  </datafield>
  <datafield tag="035" ind1=" " ind2=" ">
    <subfield code="a">EN-122000</subfield>
  </datafield>
  <datafield tag="037" ind1=" " ind2=" ">
    <subfield code="b">DBAD/PUB</subfield>
  </datafield>
  <datafield tag="082" ind1=" " ind2=" ">
    <subfield code="a">500</subfield>
  </datafield>
  <datafield tag="100" ind1=" " ind2=" ">
    <subfield code="a">Singh, Pritesh</subfield>
    <subfield code="9">59105</subfield>
  </datafield>
  <datafield tag="245" ind1=" " ind2=" ">
    <subfield code="a">Review of Aiims:</subfield>
    <subfield code="b">Pg Entrance Examination 2014-2011/</subfield>
    <subfield code="c">By Pritesh Kumar Singh</subfield>
  </datafield>
  <datafield tag="260" ind1=" " ind2=" ">
    <subfield code="a">New Delhi</subfield>
    <subfield code="b">Jaypee Brother Medical Publishers Pvt. Ltd</subfield>
    <subfield code="c">2015</subfield>
  </datafield>
  <datafield tag="270" ind1=" " ind2=" ">
    <subfield code="b">New Delhi</subfield>
    <subfield code="a">4838/24, Ansari Road, Daryaganj</subfield>
    <subfield code="e">110002</subfield>
    <subfield code="m">jaypee@jaypeebrothers.com</subfield>
    <subfield code="k">+91-11-43574357</subfield>
    <subfield code="l">+91- 11- 43574314</subfield>
  </datafield>
  <datafield tag="300" ind1=" " ind2=" ">
    <subfield code="a">1416 p.</subfield>
    <subfield code="c">28cm (pbk)</subfield>
  </datafield>
  <datafield tag="600" ind1=" " ind2=" ">
    <subfield code="d"> </subfield>
    <subfield code="9">59106</subfield>
  </datafield>
  <datafield tag="700" ind1=" " ind2=" ">
    <subfield code="9">59024</subfield>
  </datafield>
  <datafield tag="942" ind1=" " ind2=" ">
    <subfield code="2">ddc</subfield>
    <subfield code="c">EN</subfield>
    <subfield code="h">500</subfield>
    <subfield code="m">PRI</subfield>
  </datafield>
  <datafield tag="999" ind1=" " ind2=" ">
    <subfield code="c">199254</subfield>
    <subfield code="d">199254</subfield>
  </datafield>
  <datafield tag="952" ind1=" " ind2=" ">
    <subfield code="0">0</subfield>
    <subfield code="1">0</subfield>
    <subfield code="4">0</subfield>
    <subfield code="7">0</subfield>
    <subfield code="8">NFIC</subfield>
    <subfield code="a">VP</subfield>
    <subfield code="b">VP</subfield>
    <subfield code="d">2023-11-28</subfield>
    <subfield code="e">DBAD/PUB</subfield>
    <subfield code="g">1099.00</subfield>
    <subfield code="l">0</subfield>
    <subfield code="o">500 PRI</subfield>
    <subfield code="p">EN-122000</subfield>
    <subfield code="r">2023-11-28 00:00:00</subfield>
    <subfield code="t">1</subfield>
    <subfield code="v">1099.00</subfield>
    <subfield code="w">2023-11-28</subfield>
    <subfield code="y">EN</subfield>
  </datafield>
</record>
